Tôi và em

Đã lưu trong:
書目詳細資料
主要作者: Hoàng Ngọc Tuấn
格式: 圖書
語言:Undetermined
出版: Tp. HCM Trẻ 1994
主題:
標簽: 添加標簽
沒有標簽, 成為第一個標記此記錄!
Thư viện lưu trữ: Trung tâm Học liệu Trường Đại học Cần Thơ
LEADER 00464nam a2200181Ia 4500
001 CTU_53131
008 210402s9999 xx 000 0 und d
020 |b 12000 
082 |a 895.9223 
082 |b T502 
100 |a Hoàng Ngọc Tuấn 
245 0 |a Tôi và em 
245 0 |c Hoàng Ngọc Tuấn 
260 |a Tp. HCM 
260 |b Trẻ 
260 |c 1994 
650 |a vietnamese fiction 
980 |a Trung tâm Học liệu Trường Đại học Cần Thơ